Statistics for Random Countries on the Pixelated World Map

Click here to take the quiz!

General Stats

  • This quiz has been taken 9,528 times
  • The average score is 17 of 20

Answers on the Map

Answers color-coded by a green-red scale on the quiz's map according to % correct below.
 

Answer Stats

Country% Correct
Canada
100%
Mexico
100%
Russia
100%
United States
100%
China
99%
Denmark
99%
Iceland
99%
India
99%
Argentina
98%
Brazil
98%
Morocco
98%
Chile
97%
Finland
97%
France
97%
Ireland
97%
Madagascar
97%
Mongolia
97%
South Africa
97%
Sweden
97%
United Kingdom
97%
Australia
96%
Norway
96%
Spain
96%
Algeria
95%
Japan
95%
Libya
95%
Peru
95%
Bolivia
94%
Colombia
94%
Egypt
94%
Indonesia
94%
Kazakhstan
94%
Turkey
94%
Italy
93%
Sudan
93%
Venezuela
93%
Democratic Republic of the Congo
92%
Germany
92%
Pakistan
92%
Paraguay
92%
Saudi Arabia
92%
Thailand
92%
Uruguay
92%
Ecuador
91%
Iran
91%
North Korea
91%
Poland
91%
Netherlands
90%
New Zealand
90%
South Korea
90%
Tunisia
89%
Chad
88%
Ethiopia
88%
Guyana
88%
Mozambique
88%
Namibia
88%
Niger
88%
Suriname
88%
Yemen
88%
Mali
87%
Nepal
87%
Bangladesh
86%
Belarus
86%
Botswana
86%
Mauritania
86%
Myanmar
86%
Oman
86%
Papua New Guinea
86%
Somalia
85%
Ukraine
84%
Angola
83%
Iraq
83%
Lithuania
83%
Philippines
83%
Central African Republic
82%
Greece
82%
Malaysia
82%
Vietnam
82%
Cambodia
81%
Nigeria
81%
Nicaragua
80%
Tanzania
80%
Afghanistan
79%
Kenya
79%
Laos
79%
Czech Republic
77%
Eritrea
77%
Republic of the Congo
77%
South Sudan
77%
Turkmenistan
77%
Azerbaijan
76%
Gabon
76%
Ghana
76%
Guatemala
76%
Ivory Coast
76%
Sierra Leone
76%
Syria
76%
Uganda
75%
Zambia
75%
Burkina Faso
74%
Guinea
74%
Romania
74%
Uzbekistan
74%
Senegal
73%
Cameroon
72%
Austria
71%
Jordan
71%
Bulgaria
70%
Benin
69%
Hungary
69%
Tajikistan
67%
Zimbabwe
66%
Kyrgyzstan
64%
Serbia
59%

Score Distribution

Percentile by Number Answered

Percent of People with Each Score

Your Score History

You have not taken this quiz